Fast Typing E - Statistics

General Stats
  • This quiz has been taken 92 times
  • The average score is 257 of 414
Answer Stats
E % Correct
e
100%
e
98%
e
98%
e
98%
e
98%
e
98%
e
98%
e
98%
e
98%
e
98%
e
96%
e
96%
e
96%
e
96%
e
96%
e
96%
e
96%
e
96%
e
96%
e
96%
e
96%
e
96%
e
96%
e
96%
e
96%
e
96%
e
96%
e
96%
e
96%
e
96%
e
96%
e
96%
e
96%
e
96%
e
96%
e
96%
e
96%
e
96%
e
96%
e
94%
e
94%
e
94%
e
94%
e
94%
e
94%
e
94%
e
94%
e
94%
e
94%
e
94%
e
94%
e
94%
e
94%
e
94%
e
94%
e
94%
e
94%
e
94%
e
94%
e
94%
e
94%
e
94%
e
94%
e
94%
e
94%
e
92%
e
92%
e
90%
e
90%
e
90%
e
88%
e
88%
e
88%
e
88%
e
88%
e
88%
e
88%
e
88%
e
85%
e
85%
e
85%
e
85%
e
85%
e
83%
e
83%
e
83%
e
79%
e
79%
e
77%
e
77%
e
77%
e
77%
e
77%
e
75%
e
73%
e
73%
e
73%
e
73%
e
73%
e
73%
e
71%
e
69%
e
69%
e
67%
e
67%
e
67%
e
67%
e
65%
e
65%
e
65%
e
65%
e
63%
e
63%
e
63%
e
63%
e
63%
e
63%
e
63%
e
63%
e
63%
e
63%
e
63%
e
63%
e
63%
e
63%
e
63%
e
63%
e
60%
e
60%
e
60%
e
60%
e
60%
e
60%
e
60%
e
60%
e
60%
e
60%
e
60%
e
60%
e
60%
e
60%
e
60%
e
60%
e
60%
e
60%
e
60%
e
60%
e
58%
e
58%
e
58%
e
58%
e
58%
e
58%
e
58%
e
58%
e
58%
e
58%
e
58%
e
58%
e
58%
e
58%
e
58%
e
58%
e
58%
e
58%
e
58%
e
58%
e
58%
e
58%
e
58%
e
58%
e
58%
e
58%
e
58%
e
58%
e
58%
e
58%
e
58%
e
58%
e
58%
e
58%
e
58%
e
58%
e
58%
e
58%
e
58%
e
58%
e
58%
e
58%
e
58%
e
58%
e
58%
e
58%
e
58%
e
58%
e
58%
e
58%
e
58%
e
58%
e
58%
e
58%
e
58%
e
58%
e
58%
e
58%
e
58%
e
58%
e
58%
e
58%
e
58%
e
58%
e
58%
e
58%
e
58%
e
58%
e
58%
e
58%
e
58%
e
58%
e
58%
e
58%
e
58%
e
58%
e
58%
e
58%
e
58%
e
58%
e
58%
e
58%
e
58%
e
58%
e
58%
e
58%
e
58%
e
58%
e
58%
e
58%
e
58%
e
58%
e
58%
e
58%
e
58%
e
58%
e
58%
e
58%
e
58%
e
58%
e
58%
e
58%
e
58%
e
58%
e
58%
e
58%
e
58%
e
58%
e
58%
e
58%
e
58%
e
58%
e
58%
e
58%
e
58%
e
58%
e
58%
e
58%
e
58%
e
58%
e
58%
e
58%
e
58%
e
58%
e
58%
e
56%
e
56%
e
56%
e
56%
e
56%
e
56%
e
56%
e
56%
e
56%
e
56%
e
56%
e
56%
e
56%
e
56%
e
54%
e
54%
e
54%
e
54%
e
54%
e
50%
e
48%
e
48%
e
48%
e
48%
e
48%
e
48%
e
48%
e
48%
e
48%
e
48%
e
48%
e
48%
e
48%
e
48%
e
48%
e
48%
e
48%
e
48%
e
48%
e
48%
e
48%
e
48%
e
48%
e
48%
e
48%
e
48%
e
48%
e
48%
e
48%
e
48%
e
48%
e
48%
e
48%
e
48%
e
48%
e
48%
e
48%
e
48%
e
48%
e
48%
e
48%
e
48%
e
48%
e
48%
e
48%
e
48%
e
48%
e
48%
e
48%
e
48%
e
48%
e
48%
e
48%
e
48%
e
48%
e
48%
e
48%
e
48%
e
48%
e
48%
e
48%
e
48%
e
48%
e
46%
e
46%
e
46%
e
46%
e
44%
e
42%
e
42%
e
42%
e
42%
e
42%
e
42%
e
42%
e
42%
e
42%
e
42%
e
42%
e
42%
e
42%
e
42%
e
42%
e
42%
e
42%
e
42%
e
40%
e
40%
e
40%
e
40%
e
40%
e
40%
e
40%
e
40%
e
40%
e
40%
e
40%
e
40%
e
40%
e
38%
e
38%
e
38%
e
35%
e
35%
e
35%
e
35%
e
35%
e
33%
e
33%
e
33%
e
31%
e
31%
e
31%
e
31%
e
31%
e
31%
e
31%
e
31%
e
31%
e
31%
e
31%
e
31%
No matching quizzes found
Score Distribution
Percent of People with Each Score
Percentile by Number Answered
Your Score History
You have not taken this quiz